000 00526 a2200145 4500
008 090424t xxu||||| |||| 00| 0 eng d
050 _aBP603
_b.H36 2003
100 _aLewis, James R.
245 _aOxford handbook of new religious movements
_cJames R. Lewis, editor
260 _bOxford
_c2003
_aNew York
300 _axv,544 p,.;
_c24cm.
650 _2Cults
942 _cBK
_2lcc
999 _c33420
_d33420